K-1 Fighters, Most K.O.'s - Statistics

General Stats
  • This quiz has been taken 3 times
  • The average score is 11 of 20
Answer Stats
Country, K.O.'s Fighter % Correct
Morocco, 14 Badr Hari
100%
Netherlands, 36 Ernesto Hoost
100%
New Zealand - 9 Mark Hunt
100%
Croatia, 12 Mirko Filipovic
100%
Belarus, 19 Alexsey Ignashov
67%
Switzerland, 21 Andy Hug
67%
France, 29 Jerome Le Banner
67%
Japan, 17 Musashi
67%
Netherlands, 47 Peter Aerts
67%
Netherlands, 17 Remy Bonjasky
67%
Netherlands, 17 Semmy Schilt
67%
Germany, 16 Stefan Leko
67%
USA - 8 Bob Sapp
33%
Trinidad & Tobago 11 Gary Goodridge
33%
Brazil, 10 Glaube Feitosa
33%
Japan, 13 Masaake Satake
33%
USA, 12 Mighty Mo
33%
New Zealand, 20 Ray Sefo
33%
Brazil - 9 Francisco Filho
0%
South Africa, 25 Mike Bernado
0%
No matching quizzes found
Score Distribution
Percent of People with Each Score
Percentile by Number Answered
Your Score History
You have not taken this quiz